Indian wisdom and international peace (Record no. 552)

MARC details
000 -LEADER
fixed length control field 00531cam a2200205ua 4500
001 - CONTROL NUMBER
control field 622
005 - DATE AND TIME OF LATEST TRANSACTION
control field 20260515113211.0
008 - FIXED-LENGTH DATA ELEMENTS--GENERAL INFORMATION
fixed length control field 110412n ii |||gr||||Z||||||eng
020 ## - INTERNATIONAL STANDARD BOOK NUMBER
International Standard Book Number 81-212-0118-7
040 ## - CATALOGING SOURCE
Transcribing agency MAIN
082 ## - DEWEY DECIMAL CLASSIFICATION NUMBER
Classification number 327.54
245 1# - TITLE STATEMENT
Title Indian wisdom and international peace
Statement of responsibility, etc. by R.N.Vyas
250 ## - EDITION STATEMENT
Edition statement 1st.
260 ## - PUBLICATION, DISTRIBUTION, ETC.
Place of publication, distribution, etc. Delhi:
Name of publisher, distributor, etc. Gian publishing house,987.
300 ## - PHYSICAL DESCRIPTION
Extent 176p:0cm.
653 ## - INDEX TERM--UNCONTROLLED
Uncontrolled term Political science
653 ## - INDEX TERM--UNCONTROLLED
Uncontrolled term Indian wisdom and international peace
700 ## - ADDED ENTRY--PERSONAL NAME
Personal name Vyas, R.N.,
Relator term Author.
942 ## - ADDED ENTRY ELEMENTS (KOHA)
Koha item type Books
Holdings
Withdrawn status Lost status Damaged status Not for loan Home library Current library Shelving location Date acquired Total checkouts Full call number Barcode Date last seen Copy number Price effective from Koha item type
        Naharkatiya College Library Naharkatiya College Library General stacks 09/19/2020   327.54 | VYA 3973 09/19/2020 1 09/19/2020 Books